The eye of the master (Record no. 4538)

MARC details
000 -CABECERA
campo de control de longitud fija 03005cam a2200337 i 4500
001 - NÚMERO DE CONTROL
campo de control 10414232
003 - IDENTIFICADOR DEL NÚMERO DE CONTROL
campo de control CaAEU
005 - FECHA Y HORA DE LA ÚLTIMA TRANSACCIÓN
campo de control 20250312151721.0
008 - DATOS DE LONGITUD FIJA--INFORMACIÓN GENERAL
campo de control de longitud fija 230511t20232023enka b 001 0 eng
010 ## - NÚMERO DE CONTROL DE LA BIBLIOTECA DEL CONGRESO
Número de control de LC 2023020753
015 ## - NÚMERO DE BIBLIOGRAFÍA NACIONAL
Número de bibliografía nacional GBC3F4740
Fuente bnb
016 7# - NÚMERO DE CONTROL DE UNA AGENCIA BIBLIOGRÁFICA NACIONAL
Número de control del registro 021176224
Fuente Uk
020 ## - NÚMERO INTERNACIONAL ESTÁNDAR DEL LIBRO
Número Internacional Estándar del Libro 9781788730068
Información calificativa (paperback)
035 ## - NÚMERO DE CONTROL DEL SISTEMA
Número de control de sistema on1353949626
040 ## - FUENTE DE LA CATALOGACIÓN
Centro catalogador/agencia de origen DLC
Lengua de catalogación eng
Normas de descripción rda
Centro/agencia transcriptor DLC
Centro/agencia modificador OCLCF
-- UKMGB
-- YDX
-- PZX
-- OCLCO
-- SFB
-- VRA
-- PMC
-- UIU
042 ## - CÓDIGO DE AUTENTICACIÓN
Código de autenticación pcc
050 00 - SIGNATURA TOPOGRÁFICA DE LA BIBLIOTECA DEL CONGRESO
Número de clasificación HC79.A9
Número de documento/Ítem P37 2023
100 ## - ENTRADA PRINCIPAL--NOMBRE DE PERSONA
Nombre de persona Pasquinelli, Matteo,
Término indicativo de función/relación author.
9 (RLIN) 24909
245 14 - MENCIÓN DE TÍTULO
Título The eye of the master
Resto del título : a social history of artificial intelligence
Mención de responsabilidad, etc. / Matteo Pasquinelli.
264 #1 - PRODUCCIÓN, PUBLICACIÓN, DISTRIBUCIÓN, FABRICACIÓN Y COPYRIGHT
Producción, publicación, distribución, fabricación y copyright London ;
-- New York :
Nombre del de productor, editor, distribuidor, fabricante Verso,
Fecha de producción, publicación, distribución, fabricación o copyright 2023.
264 #4 - PRODUCCIÓN, PUBLICACIÓN, DISTRIBUCIÓN, FABRICACIÓN Y COPYRIGHT
Fecha de producción, publicación, distribución, fabricación o copyright ©2023
300 ## - DESCRIPCIÓN FÍSICA
Extensión viii, 264 pages :
Otras características físicas illustrations ;
Dimensiones 24 cm
504 ## - NOTA DE BIBLIOGRAFÍA, ETC.
Nota de bibliografía, etc. Includes bibliographical references and index.
505 0# - NOTA DE CONTENIDO CON FORMATO
Nota de contenido con formato Introduction: AI as Division of Labour —<br/>The Material Tools of Algorithmic Thinking —<br/><br/>Part I: The Industrial Age —<br/>Babbage and the Mechanisation of Mental Labour —<br/>The Machinery Question —<br/>The Origins of Marx's General Intellect —<br/>The Abstraction of Labour —<br/><br/>Part II: The Information Age —<br/>The Self-Organisation of the Cybernetic Mind —<br/>The Automation of Pattern Recognition —<br/>Hayek and the Epistemology of Connectionism —<br/>The Invention of the Perceptron —<br/>Conclusion: The Automation of General Intelligence
520 ## - SUMARIO, ETC.
Sumario, etc. A social history of AI that finally reveals its roots in the spatial computation of industrial factories and the surveillance of collective behaviour.<br/><br/>What is AI? A dominant view describes it as the quest “to solve intelligence,” a solution supposedly to be found in the secret logic of the mind or in the deep physiology of the brain, such as in its complex neural networks.<br/><br/>The Eye of the Master argues, to the contrary, that the inner code of AI is shaped not by the imitation of biological intelligence, but the intelligence of labour and social relations, as it is found in Babbage’s “calculating engines” of the industrial age as well as in the recent algorithms for image recognition and surveillance.<br/><br/>The idea that AI may one day become autonomous (or “sentient”, as someone thought of Google’s LaMDA) is pure fantasy. Computer algorithms have always imitated the form of social relations and the organisation of labour in their own inner structure and their purpose remains blind automation.<br/><br/>The Eye of the Master urges a new literacy on AI for scientists, journalists and new generations of activists, who should recognise that the “mystery” of AI is just the automation of labour at the highest degree, not intelligence per se.
Fuente proveedora Provided by publisher.
650 #0 - PUNTO DE ACCESO ADICIONAL DE MATERIA--TÉRMINO DE MATERIA
Término de materia o nombre geográfico como elemento de entrada TECHNOLOGY Automation
Subdivisión general Social aspects
-- History.
650 #0 - PUNTO DE ACCESO ADICIONAL DE MATERIA--TÉRMINO DE MATERIA
Término de materia o nombre geográfico como elemento de entrada Machinery in the workplace
Subdivisión general Social aspects
-- History.
650 #0 - PUNTO DE ACCESO ADICIONAL DE MATERIA--TÉRMINO DE MATERIA
Término de materia o nombre geográfico como elemento de entrada Artificial Intelligence
Subdivisión general Social aspects
-- History.
650 #0 - PUNTO DE ACCESO ADICIONAL DE MATERIA--TÉRMINO DE MATERIA
Término de materia o nombre geográfico como elemento de entrada Employees
Subdivisión general Effect of technological innovations on
-- History.
942 ## - ELEMENTOS DE ENTRADA AGREGADA (KOHA)
Fuente del sistema de clasificación o colocación Clasificación de Library of Congress
Holdings
Estado de retiro Estado de pérdida Fuente del sistema de clasificación o colocación Estado dañado No para préstamo Biblioteca de origen Biblioteca actual Fecha de adquisición Total de préstamos Signatura topográfica completa Código de barras Fecha visto por última vez Número de copia Precio válido a partir de Tipo de ítem Koha
    Clasificación de Library of Congress     TBS Barcelona TBS Barcelona 12/03/2025   HC79.A9 PAS B07507 12/03/2025 1 12/03/2025 Book

Powered by Koha